000 00981nam a2200265 a 4500
003 DO-SdBNP
005 20250219074027.0
007 ta
008 100322s2018 dr 000 0 spa d
020 _a9789945609349
040 _aDO-SdBNP
_bspa
_cBNPHU
082 4 _a860.9
_bM632p
_222
100 1 _aMieses, Juan Carlos,
_937920
_d1947-
245 1 0 _aPalabras como agua :
_bdiálogos y reflexiones de Juan Carlos Mieses en torno al oficio de escritor /
_cJuan Carlos Mieses ; editor Isael Pérez
260 _aSanto Domingo :
_bSantuario,
_c2018.
300 _a79 p. :
_c23 cm.
500 _aIncluye datos biográficos del autor en la solapa de la cubierta.
590 _aInventariado, 2021/ YL
600 1 0 _aMieses, Juan Carlos,
_d1947-
_925472
650 0 _aLiteratura dominicana.
_967
650 4 _aAutores dominicanos
_xEntrevistas
_ySiglo XX
_978269
700 1 _aPérez, Isael,
_d1961-
_eedi.
_91414
910 _aYLOCKWARD.Validado. Control de calidad. MAA
942 _2ddc
_cLBS1
999 _c49682
_d49682